00407nam a2200145 a 4500008004100000020001500041050001700056100002200073245005900095250001200154260004100166300002200207350000900229650002300238120416s1986 ||||||||||||||||| || u a0471873241 aTP 155.7 Fel aFelder, Richard M10aElementary principles of chemical processes. (2nd ed.) a2nd ed. aNew York:bJohn Wiley and Sonsc1986 axix, 668p. : ill. a0.00 aCHEMICAL PROCESSES